Zobrané spisy 48. Listy november 1910-júl 1914 : Z rus.orig /

Saved in:
Bibliographic Details
Main Author: Lenin, Vladimír Iljič (Author)
Format: Book
Published: Bratislava : Pravda, 1989
Edition:2.vyd.
Tags: Add Tag
No Tags, Be the first to tag this record!

MARC

LEADER 00000nam a22000003a 4500
001 stu14701
005 20150617225757.3
008 ------s1989----cs----------------------d
040 |a STU  |b slo 
041 0
044 |a cs 
080 |a 141.82 
100 1 |a Lenin, Vladimír Iljič  |4 aut 
245 1 |a Zobrané spisy 48. Listy november 1910-júl 1914 :  |b Z rus.orig /  |c [aut.]Lenin,Vladimir Iljič 
250 |a 2.vyd. 
260 |a Bratislava :  |b Pravda,  |c 1989 
300 |a 641 s 
996 |b C84051  |c C*84051  |l CCI  |s A  |a 24  |w stu14701_0001 
996 |b C84052  |c C*84052  |l CCI  |s A  |a 24  |w stu14701_0002